Datum a čas kvízu
36.5
Celkem bodů
Celkový počet nahraných bodů na tomto kvízu bez doplňovacích otázek.
4.
Pořadí na kvízu
Konečné umístění týmu na tomto kvízu.
Zaznamenané odpovědi
| # | Otázka | Odpověď | Body | Výsledky |
|---|---|---|---|---|
| 1. | Finálový večer 26. ročníku sou... | Jiří Veselý | 0 | |
| 2. | Minulý týden byla předložena t... | na Slovensku | 1 | |
| 3. | TV Prima odtajnila soutěžící d... | Daniela Brzobohatá (Písařovicová); Čestmír Strakatý | 1 | |
| 4. | Jedna korejská automobilka zah... | Kia; Jaromír Jágr | 1 | |
| 5. | Minulý týden pobavila sociální... | D) moucha (lezoucí po míčku) | 1 | |
| 6. | Brukvovitá zelenina obsahuje s... | brokolice | 1 | |
| 7. | Rostlinu, jejíž kořen je bohat... | smetánka | 1 | |
| 8. | Nyní se ptáme na název koření,... | pepř | 1 | |
| 9. | Uveďte rodové jméno vytrvalé r... | meduňka | 1 | |
| 10. | Tymián známe jako koření využí... | A) mateřídouška | 1 |